000 01658nam0a2200373 4500
001 RU\NLR\BIBL_A\010971093
005 20250803041139.0
010 _a978-5-9765-0256-7
_bФЛИНТА
_9300
010 _a978-5-02-034758-8
_bНаука
021 _aRU
_b2016-1482
_992
035 _a(NLR Aleph) 010971093
035 _a(NILC)RuMoRGB-008116998
090 _a10822810
_c10822810
100 _a20160204d2016 |||y0rusy50 ca
101 0 _arus
102 _aRU
105 _ay|||j|||000yy
200 1 _aСтилистика русского языка
_eучебник
_eдля студентов высших учебных заведений, обучающихся по направлению 050300 - Филологическое образование
_fМ. Н. Кожина, Л. Р. Дускаева, В. А. Салимовский
205 _a5-е изд., стер.
210 _aМосква
_cФЛИНТА
_cНаука
_d2016
215 _a462, [1] с.
_d21
320 _aБиблиогр. в конце кн.
606 1 _aРусский язык
_jУчебники для высших учебных заведений
_xСтилистика
_91563135
_3RU\NLR\AUTH\66984157
675 _a811.161.1
686 1 _aШ141.12-923-7
700 1 _aКожина
_bМ.Н.
_f1925-2012
_gМаргарита Николаевна
701 1 _aДускаева
_bЛ. Р.
_gЛилия Рашидовна
701 1 _aСалимовский
_bВ. А.
_gВладимир Александрович
801 0 _aRU
_bРГБ
_c20160118
_gRCR
942 _cBOOK
980 _aNBR
980 _aNB